| 000 | 00895nam a2200265Ia 4500 | ||
|---|---|---|---|
| 003 | OSt | ||
| 005 | 20230825151256.0 | ||
| 008 | 210716s2007 xx 000 0 und d | ||
| 020 | _a8189915681 | ||
| 040 | _cAIMIT LIBRARY | ||
| 041 | _aeng | ||
| 082 |
_a368.00954 _21 _bALIS |
||
| 100 |
_aAli, Sajid. _9131019 |
||
| 245 |
_aInsurance in India / _cBy Sajid Ali, Riyaz Mohammad and Masharique Ahmad. |
||
| 250 | _a1st ed. | ||
| 260 |
_aNew Delhi : _c2007. _bRegal Publications , |
||
| 300 |
_axii,160p. ; _bPB _c21 cm |
||
| 650 |
_aInsurance(368) _9131020 |
||
| 651 |
_aDevelopment of insurance sector in India _9131021 |
||
| 651 |
_aRisk management in insurance _9131022 |
||
| 651 |
_aInsurance sector in post liberalization: an impact on legal framework. _9131023 |
||
| 700 |
_aMohammad, Riyaz. _9131024 |
||
| 700 |
_aAhmad, Masharique. _9131025 |
||
| 942 |
_2ddc _cBK _e1st _k368.00954 ALIS |
||
| 999 |
_c203266 _d203266 |
||